Grund-Riß der heutigen Staats-Verfassung des Teutschen Reichs Zum Gebrauch academischer Lectionen

Bibliographic Details
Main Author: Moser, Johann Jacob, 1701-1785 (Author, Author of introduction, etc.)
Corporate Author: Cotta, Johann Georg III. (Tübingen, Nemecko) (Printer)
Other Authors: Cotta, Johann Georg III., 1693-1770 (Printer)
Format: Book
Language:German
PhysicalDescription:8 nečíslovaných listov, 713 strán, 14 nečíslovaných listov 8° 19,5 × 12 cm
Edition:Siebende verbesserte Auflage
Subjects:

MARC

LEADER 00000nam a2200000 4500
001 vtls012282432
003 SK-MaSNL
005 20260302073330.0
008 251112s1754 gw f 001 0 ger
015 |a SNBHFA 
040 |a SNKHF  |b slo  |c SNK  |e rda 
041 0 |a ger 
043 |a e-gx--- 
044 |a gw  |c DE 
072 7 |a 342  |x Ústavné právo. Správne právo  |2 konspekt 
080 |a 342.4  |2 2011 
080 |a (430)  |2 2011 
100 1 |a Moser, Johann Jacob,  |d 1701-1785  |4 aut  |4 aui  |9 737622 
245 1 0 |a Grund-Riß der heutigen Staats-Verfassung des Teutschen Reichs  |b Zum Gebrauch academischer Lectionen  |c entworffen von Johann Jacob Moser 
250 |a Siebende verbesserte Auflage 
264 3 |a Tủbingen,  |b in Verlag Johann georg Cotta,  |c 1754 
300 |a 8 nečíslovaných listov, 713 strán, 14 nečíslovaných listov  |c 8°  |c 19,5 × 12 cm 
336 |a text  |b txt  |2 rdacontent 
337 |a bez média  |b n  |2 rdamedia 
338 |a zväzok  |b nc  |2 rdacarrier 
500 |a Vinety, vlysy, iniciálky s ornamentálnym pozadím vo voľnom priestore na 4 a 5 riadkov 
504 |a Poznámky pod čiarou, kustody 
508 |a Predslov autora 
510 4 |a VD 18 
546 |a Nemčina  |b Fraktúra 
561 |a Proveniencia: Pečiatka Dr. E. Kadarász-vernot Poz Margity Zayovej.  |5 SNK ID 103910 
563 |a Väzba: vzorovaná fľakato-frckovitá černo-hnedá papierová lepenka na kartóne.  |5 SNK ID 103910 
650 0 7 |a ústava  |2 SNKPH  |9 2640 
651 7 |a Nemecko  |2 SNKPH  |9 21020 
700 1 |a Zaiová, Margita,  |d 1868-1937  |4 fmo  |9 186369 
700 1 |a Cotta, Johann Georg  |b III.,  |d 1693-1770  |4 prt  |9 357778 
710 0 |a Cotta, Johann Georg III. (Tübingen, Nemecko),  |d 1713-1770  |4 prt  |9 357779 
752 |a Nemecko  |d Tübingen 
852 |a Slovenská národná knižnica  |b Zaiova knižnica: Zay 12 409 (Z 14 065)  |p ID 103910 
958 |a DD 
958 |a ONDV 
999 |c 1160429  |d 1162359 
952 |t Zay 12 409 (Z 14 065)  |a SNK  |b SNK  |c SNK_HF  |y PREZ  |7 0  |p 17A1568744  |o snkID 103910  |i snk2025/14177  |8 5  |0 0  |1 0  |4 0  |d 2025-09-08  |l 0  |r 2026-02-24 20:31:13  |w 2026-02-24